Etüdenschule für den Klavierunterricht

Gespeichert in:
Bibliographische Detailangaben
1. Verfasser: Czerny, Carl (VerfasserIn)
Format: Partitur Buch
Sprache:Englisch
Deutsch
Französisch
Veröffentlicht: Leipzig D. Rahter 1921
Schlagworte:
Tags: Tag hinzufügen
Keine Tags, Fügen Sie den ersten Tag hinzu!

MARC

LEADER 00000ncm a2200000 a 4500
001 UCN5501
003 CL-VaPUC
005 20250325095626.0
008 010907e19210000GW |||||||||||||||||eng|d
999 |c 296938  |d 296936 
040 |c Pontificia Universidad Católica de Valparaíso 
041 0 7 |a eng  |2 CL-VaPUC 
041 0 7 |a ger  |2 CL-VaPUC 
041 0 7 |a fre  |2 CL-VaPUC 
082 0 4 |a Pn786.2193 CZE 1921  |2 21 
100 0 |a Czerny, Carl  |e author  |9 461423 
245 1 0 |a Etüdenschule für den Klavierunterricht 
246 1 0 |a Ecole d'études 
246 1 0 |a School of studies 
260 |a Leipzig  |b D. Rahter  |c 1921 
300 |a 41 p 
583 |a last modification  |c 20010907 00:00:00  |k Rodrigo Vera 
650 0 |a Piano  |x Estudio e instrucción  |9 325053 
650 0 |a Piano, ejercicios y estudio  |9 328974 
650 0 |a Piano, interpretación  |2 CL-VaPUC  |9 461397 
650 0 |a Piano  |x Técnicas de ejecución  |9 328975 
650 0 |a Enseñanza de la música  |9 339802 
650 0 |a Compositores austríacos  |2 CL-VaPUC  |9 324827 
942 |c BK  |2 ddc 
945 |d 20010907 00:00:00  |a lriquelm 
952 |0 0  |1 0  |2 ddc  |4 0  |6 PN_786_219300000000000_CZE_1921  |7 0  |8 F  |9 351243  |a BIBEDU  |b BIBEDU  |d 2019-11-21  |i 1165887  |l 1  |o Pn786.2193 CZE 1921  |p 1165887  |r 2023-11-22  |s 2022-08-08  |w 2019-11-21  |y PA  |k MUS